Four Letter Geography - I - Statistics

General Stats
  • This quiz has been taken 55 times
  • The average score is 6 of 10
Answer Stats
Hint Answer % Correct
Most Shia Country Iran
100%
The country of ____nesia Indo
98%
Home to Babylon Iraq
94%
Ancient tribe in Peru Inca
90%
Small Island Isle
88%
Israeli defense: ____ Dome Iron
53%
Roman calendar Ides
24%
Irish for Island Inis
6%
Branch of Islam Isma
4%
Lake in Guatemala Itza
4%
No matching quizzes found
Score Distribution
Percent of People with Each Score
Percentile by Number Answered
Your Score History
You have not taken this quiz